Máquinas de corriente alterna
Αποθηκεύτηκε σε:
| Κύριος συγγραφέας: | |
|---|---|
| Άλλοι συγγραφείς: | |
| Μορφή: | Βιβλίο |
| Γλώσσα: | Spanish |
| Έκδοση: |
México : Continental,
1970.
|
| Θέματα: | |
| Ετικέτες: |
Προσθήκη ετικέτας
Δεν υπάρχουν, Καταχωρήστε ετικέτα πρώτοι!
|
MARC
| LEADER | 00000nam a2200000Ia 4500 | ||
|---|---|---|---|
| 003 | 000817 | ||
| 005 | 20221231144015.0 | ||
| 008 | 140114s1970 mx a 000 ||spa d | ||
| 040 | |c cru CEDI | ||
| 082 | |a 621.313.3 L788m | ||
| 100 | |a Liwschitz-Garik, Michael |9 19550 | ||
| 245 | |a Máquinas de corriente alterna | ||
| 260 | |a México : Continental, |c 1970. | ||
| 300 | |a 767 páginas : ilustraciones ; 23 cm |b Fotocopia | ||
| 650 | |x MAQUINAS ELECTRICAS - CORRIENTE ALTERNA |9 19552 | ||
| 700 | |9 19551 |a Whipple, Clyde C | ||
| 942 | |2 ddc |c BK | ||
| 999 | |c 15525 |d 15525 | ||
